| 000 | 00783cam a2200241 a 4500 | ||
|---|---|---|---|
| 003 | UPN | ||
| 005 | 20240612064139.0 | ||
| 008 | 191125s2019 mx ao br 000 0 spa d | ||
| 020 | _a9786075511405 | ||
| 035 | _aUPN01000234277 | ||
| 040 |
_aMX-MxUPN _bspa _cMX-MxUPN |
||
| 050 | 4 |
_aLB1584 _bM65 2019 |
|
| 245 | 0 | 0 |
_aFormación cívica y ética : _bquinto grado |
| 250 | _aSegunda edición | ||
| 260 |
_aMéxico : _bSEP, Dirección General de Materiales Educativos _c2019. |
||
| 300 |
_a216 páginas : _bilustraciones a color, fotografías |
||
| 500 | _a"Ciclo escolar 2019-2020". | ||
| 650 | 4 |
_aCivismo _xEstudio y enseñanza (Elemental) _92807 |
|
| 650 | 4 |
_aÉtica _xEstudio y enseñanza (Elemental) _915780 |
|
| 905 | _aLibro | ||
| 942 |
_2lcc _cLIBRO |
||
| 999 |
_c206372 _d206372 |
||